000 00936cam a2200265 a 4500
001 000015482
005 20250311114825.0
008 780705s1978 sp b 000 0 spa
020 _a8432077054
035 _a(DLC) 73347724
040 _aDO-SdBNP
_bspa
_cBNPHU
_dDLC
082 _a155.633
_bH565f
100 1 _aHerreros, Maria Luisa,
_d1917-1919.
_934965
245 1 3 _aLo femenino y la vida instintiva /
_cMaría Luisa Herreros y María Luisa Morales.
260 _aBarcelona :
_bPlaneta,
_c1978.
300 _a256 p. ;
_c22 cm.
490 1 _aEnsayos Planeta de economía y ciencias sociales
_v5
504 _aIncluye referencias bibliográfica y notas al pie de las páginas.
650 4 _aSexo (psicología)
_9153
650 0 _aFeminismo
_92525
700 1 _aMorales, María Luisa,
_934966
830 0 _aEnsayos Planeta de economía y ciencias sociales ;
_v5
_934967
910 _aCatalogación por copia / LC
049 _aBNGR
999 _c15038
_d15038